000
00328nam a2200145Ia 4500
008
200615s9999||||xx |||||||||||||| ||und||
020
_a
9789385401367
082
_a
620
_b
SRE-R
100
_a
R.K.RAJPUT
245
0
_a
SRENTH OF MATERIALS
250
_a
6TH
260
_a
new delhi
_b
S.CHAND
_c
2017
300
_a
940
942
_c
BK
999
_c
29502
_d
29502